00747 a2200145 4500003000500000005001700005040000900022082001200031100001700043245008100060260003700141300001100178505039400189650001800583NUST20230130144033.0 cNust a920,WAL aWalker, Fred aDestination Unknown :bTHe Autobiographyy of a Wandering Boy /cWalker, Fred aLondonbGeorge Harrap & Coc1935 a283:p. aAdventure (Page-7), The Wild West (Page-23), Cowboys (Page-40), Arrested (Page-53), Frozen to Death (Page-69), The Earth Shakes (Page-83), In The Arctic (Page-96), I Kill A Man (Page-116), Pancho Villa (Page-127), The Argentine (Page-140), Nitrate (Page-175), Insulting the Bigwigs (Page-189), A Crazy Gangster (Page-222), Indians (Page-237), Headhunters (Page-268), Home Again (Page-279), aAutobiography